LEADER 01389nam a2200325 i 4500 001 000000210839 003 CaOOAMICUS 005 20120214000000.0 008 120214s2011 it u000 u mul u 013 $a189652 020 $a978-88-10-42061-4 040 $aSeMil$bita 100 0 $aGelasius I,$c.$0(OLS)http://semarc/name/48105 240 10$aEpistula de duabus naturis.$0(OLS)http://semarc/title/304649 245 10$aLettera sulle due nature /$cGelasio di Roma ; introduzione, testo, traduzione e commento a cura di Rocco Ronzani. 260 $aBologna :$bEDB,$c2011. 300 $a339 p. ;$c21 cm. 490 0 $aBiblioteca patristica ;$v48 500 $aTesto originale latino a fronte. 650 4$aLetteratura cristiana - Scrittori latini.$0(OLS)http://semarc/subject/1945 700 1 $aRonzani, Rocco.$0(OLS)http://semarc/name/75432 830 0$aBiblioteca patristica ;$v48.$0(OLS)http://semarc/title/10 850 $aSeMil 852 $aSeMil$W1$xVenegono$y1$m2T III 318$j161286$B161286$CSeMilBibl$Z2$F172440 $81 900 0 $aGelasio I$c. 961 $aSottoscrizione: EDB 996 $6020$a978-88-10-42061-4$9(OLS)http://semarc/number/205934 996 $6245$aLettera sulle due nature$9(OLS)http://semarc/title/304648 996 $6260$aBologna :$bEDB$9(OLS)http://semarc/publisher/29669 LEADER 00592nam a2200169 i 4500 001 000000063001 003 CaOOAMICUS 005 20130326000000.0 008 130326s1960 xx u000 u ger u 013 $a34173 040 $aSeMil$bita 245 14$aDie christliche Lehre von Gott. 300 $a363 p. 773 0 $aBrunner, Emil <1889-1966>$tDogmatik.$b3. Aufl.$dZürich ; Stuttgart : Zwingli, 1960.$g1$w()28258 850 $aSeMil 852 $aSeMil$W1$xVenegono$y1$m2M III 194$j29154$B29154$CSeMilBibl$Z2$F29157 $81 996 $6245$aDie christliche Lehre von Gott$9(OLS)http://semarc/title/99277